| 000 | 00685nmm a2200205Ia 4500 | ||
|---|---|---|---|
| 008 | 251105s9999||||xx |||||||||||||||||und|| | ||
| 020 | _a9788484890294 | ||
| 041 | _aspa | ||
| 100 | _aCazal, Françoise | ||
| 245 | 0 |
_aHomenaje a Frédéric Serralta : _b El espacio y sus representaciones en el teatro español del Siglo de Oro |
|
| 264 |
_a[Madrid, España] : _bIberoamericana Vervuert, _c2002 |
||
| 300 | _a645 páginas | ||
| 490 | _aBiblioteca Áurea Hispánica | ||
| 650 | _aSpanish literature | ||
| 700 | _aCazal, Françoise | ||
| 700 | 1 | _a González, Christophe | |
| 700 | 1 | _a Vitse, Marc (eds.) | |
| 856 | _uhttps://public.digitaliapublishing.com/a/15378 | ||
| 942 | _cCF | ||
| 999 |
_c63857 _d63857 |
||